<?xml version="1.0" encoding="UTF-8"?>
<record
    xmlns:xsi="http://www.w3.org/2001/XMLSchema-instance"
    xsi:schemaLocation="http://www.loc.gov/MARC21/slim http://www.loc.gov/standards/marcxml/schema/MARC21slim.xsd"
    xmlns="http://www.loc.gov/MARC21/slim">

  <leader>02182    a2200229   4500</leader>
  <controlfield tag="001">58881</controlfield>
  <controlfield tag="005">20260407155843.0</controlfield>
  <controlfield tag="008">260407a1977    arg                 spa d</controlfield>
  <controlfield tag="003">AR-UNSa-BCEJYS</controlfield>
  <datafield tag="040" ind1=" " ind2=" ">
    <subfield code="a">AR-UNSa-BCEJYS</subfield>
    <subfield code="b">spa</subfield>
    <subfield code="c">AR-UNSa-BCEJYS</subfield>
  </datafield>
  <datafield tag="080" ind1=" " ind2=" ">
    <subfield code="a">336.14(460)</subfield>
    <subfield code="x">Presupuesto p&#xFA;blico. Presupuesto nacional Espa&#xF1;ol</subfield>
  </datafield>
  <datafield tag="245" ind1="1" ind2="0">
    <subfield code="a">An&#xE1;lisis de la ley general presupuestaria</subfield>
    <subfield code="p">Segundas Jornadas sobre Control de la Actividad Financiera de la Administraci&#xF3;n P&#xFA;blica</subfield>
  </datafield>
  <datafield tag="020" ind1=" " ind2=" ">
    <subfield code="a">84-7196-067-2</subfield>
  </datafield>
  <datafield tag="264" ind1=" " ind2="1">
    <subfield code="a">Madrid :</subfield>
    <subfield code="b">Instituto de Estudio Fiscales</subfield>
    <subfield code="c">1977</subfield>
  </datafield>
  <datafield tag="300" ind1=" " ind2=" ">
    <subfield code="a">373 p.</subfield>
    <subfield code="c">24 cm.</subfield>
  </datafield>
  <datafield tag="505" ind1=" " ind2=" ">
    <subfield code="a">1. La Ley General Presupuestaria como instrumento de pol&#xED;tica econ&#xF3;mica y de asignaci&#xF3;n de recursos por el sector p&#xFA;blico &#x2013; 2. El presupuesto y la pol&#xED;tica econ&#xF3;mica coyuntural &#x2013; 3. La Ley General Presupuestaria y la Seguridad Social &#x2013; 4. El presupuesto de gastos fiscales &#x2013; 5. La Ley General Presupuestaria y la gesti&#xF3;n por objetivos en la Administraci&#xF3;n &#x2013; 6. Los presupuestos de explotaci&#xF3;n y capital de los Organismos aut&#xF3;nomos de car&#xE1;cter comercial, Industrial, financiero o an&#xE1;logo &#x2013; 7. Un tema a debate: la nueva estructura presupuestaria &#x2013; 8. Perspectivas del control en la Ley General Presupuestaria &#x2013; 9. Control interno del gasto en el ej&#xE9;rcito &#x2013; 10. Reflexiones en torno al control financiero y a la funci&#xF3;n interventora en la Ley General Presupuestaria &#x2013; 11. El control parlamentario de la eficacia del gasto p&#xFA;blico &#x2013; 12. Prerrogativas y responsabilidades de la Administraci&#xF3;n &#x2013; 13. La contabilidad en la Ley General Presupuestaria &#x2013; 14. La inform&#xE1;tica y el sistema de informaci&#xF3;n contable ante la nueva Ley General Presupuestaria &#x2013; 15. Coste y rendimiento de los servicios p&#xFA;blicos &#x2013; 16. El cierre del ejercicio presupuestario &#x2013; 17. La ley General presupuestaria en el cuadro de la codificaci&#xF3;n financiera</subfield>
  </datafield>
  <datafield tag="041" ind1=" " ind2=" ">
    <subfield code="a">spa</subfield>
  </datafield>
  <datafield tag="942" ind1=" " ind2=" ">
    <subfield code="c">BK</subfield>
  </datafield>
  <datafield tag="590" ind1=" " ind2=" ">
    <subfield code="a">niveau_biblio:m niveau_hierar:0</subfield>
  </datafield>
  <datafield tag="100" ind1="1" ind2=" ">
    <subfield code="a">Jornadas sobre Control de la Actividad Financiera de la Administraci&#xF3;n P&#xFA;blica (2&#xBA; : 1977 : Madrid, Espa&#xF1;a)</subfield>
  </datafield>
  <datafield tag="700" ind1="1" ind2=" ">
    <subfield code="a">Cuerpo de Intervenci&#xF3;n y Contabilidad de la Administraci&#xF3;n Civil del Estado</subfield>
  </datafield>
  <datafield tag="999" ind1=" " ind2=" ">
    <subfield code="c">6504</subfield>
    <subfield code="d">6504</subfield>
  </datafield>
  <datafield tag="952" ind1=" " ind2=" ">
    <subfield code="0">0</subfield>
    <subfield code="1">0</subfield>
    <subfield code="4">0</subfield>
    <subfield code="7">0</subfield>
    <subfield code="a">BCEJYS</subfield>
    <subfield code="b">BCEJYS</subfield>
    <subfield code="c">16</subfield>
    <subfield code="d">2026-04-07</subfield>
    <subfield code="l">0</subfield>
    <subfield code="o">336.14(460) J82</subfield>
    <subfield code="p">L33421</subfield>
    <subfield code="r">2026-04-07 15:58:43</subfield>
    <subfield code="w">2026-04-07</subfield>
    <subfield code="y">L</subfield>
  </datafield>
</record>
